Top 12 joueurs les plus sélectionnés de l'équipe de France Juil 2024 - Statistiques

Statistiques générales
  • Ce quiz a été pris 93 fois
  • Le résultat moyen est 10 sur 12
Statistiques - réponses
Rang Joueur Poste Séléctions % Correct
4 Antoine Griezmann Attaquant 135
99%
1 Hugo Lloris Goal 145
99%
3 Olivier Giroud Attaquant 137
95%
5 Thierry Henry Attaquant 123
90%
7 Zinedine Zidane Milieu 108
89%
2 Lilian Thuram Défenseur 142
86%
9 Didier Deschamps Milieu 103
79%
6 Marcel Desailly Defenseur 116
74%
12 Karim Benzema Attaquant 97
72%
10 Laurent Blanc Defenseur 97
70%
8 Patrick Vieira Milieu 107
65%
11 Bixente Lizarazu Defenseur 97
54%
Aucun quiz correspondant
Distribution des résultats
% des personnes avec chaque résultat
Percentile par nombre de réponses
Votre historique - résultats
Vous n’avez pas pris ce quiz